000 00891nmm a2200301 a 4500
003 AR-BaBNM
005 20251128210209.0
008 139019s1995 ||||||||||||||000 | spa||
020 _a84-7642-378-0
040 _cAR-BaBNM
100 1 _aFerrer Manchón, Antonio M.
245 1 0 _aLa tecnología de la información en el medio escolar
260 _aValencia
_bNAU Llibres
_c1995
300 0 _a144 p.
_btablas, diagr., gráfs.
500 0 _aContiene anexos p. 114-144
504 _aContiene bibliografía p. 108-113
650 4 _aTECNOLOGIA EDUCATIVA
650 4 _aINFORMACION
650 4 _aENSENANZA POR COMPUTADORA
650 4 _aPROCESO DE APRENDIZAJE
650 4 _aMATERIAL DE ENSENANZA PROGRAMADA
650 4 _aEDUCACION ESPECIAL
653 0 _aPSICOLOGIA COGNITIVA
653 0 _aMULTIMEDIA
700 1 _aAlcantud Marín, Francisco
942 _cBK
998 _cRaquel
999 _c14464
_d14464